| 000 | 00679nam a2200205Ii 4500 | ||
|---|---|---|---|
| 003 | JO-AjNU | ||
| 008 | 230605s9999||||xx |||||||||||||| ||und|| | ||
| 017 | _a1992/12/944 | ||
| 040 |
_aJO-AjNU _bara _erda _cJO-AjNU |
||
| 041 | _aara | ||
| 050 | 1 | 4 | _aHF5549 .A74 1996 |
| 100 | 3 |
_aتأليف عقيلي، عمر وصفي, _eauthor _940778 |
|
| 245 | 0 | 0 | _aادارة القوى العاملة |
| 264 | 3 | 1 | _aعمان:دار زهران؛1996 |
| 300 |
_a400ص _bيحتوي على ببلوغرافية من ص383-400ص |
||
| 336 |
_atext _btxt _2rdacontent |
||
| 337 |
_aunmediated _bn _2rdamedia |
||
| 338 |
_avolume _bnc _2rdacarrier |
||
| 650 | 4 |
_aادارة الافراد _940779 |
|
| 999 |
_aA17333 _c20901 _d20901 |
||